• 首页
  • 本馆介绍
  • 公告通知
  • 最新文献
  • 馆藏检索
  • 电子资源
  • 读者导购
  • 参考咨询
  • 我的图书馆
  • 登录
  • 详细信息显示
  • 放入我的书架
  • 预约/预借图书
  • 作者相关作品
  • 分类相关作品
  • 丛书相关作品
  • 出版社相关作品

书目信息

  • 表格格式
  • 工作单格式
  • 卡片格式
题名:
拉丁美洲的解放者
    
 
作者: 鲍勃 , Young , Bob , 扬 著 ;黄士康 , 汤柏生 译
分册:  
出版信息: 北京   商务印书馆  1979
页数: 188页
开本: 19cm
丛书名:
单 册:
中图分类: K813.73
科图分类:
主题词: 民族英雄--列传--拉丁美洲
电子资源:
ISBN:
000 00904nam0 2200301 45
001 0179007324
005 20060912163530.59
010    @dCNY0.50
091    @aCN@b3017.247
100    @a19950725d1979 em y0chiy0121 ea
101 1  @achi@ceng
102    @aCN@b110000
105    @ay z 000yc
200 10 @a拉丁美洲的解放者@Ala ding mei zhou de jie fang zhe@f(美)鲍勃(Bob),(美)扬(J.Young)著@g黄士康,汤柏生译
210    @a北京@c商务印书馆@d1979
215    @a188页@d19cm
300    @a书名原文:Libertadores of america latina
510 1  @aLibertadores of america latina@zeng
606    @a民族英雄@x列传@y拉丁美洲
690    @aK813.73@v3
701  1 @a鲍勃@Abao bo@4著
701 A1 @aYoung@bj.@4著
701 A1 @aBob@4著
701  1 @a扬@Ayang@bJ.@4著
702  0 @a黄士康@Ahuang shi kang@4译
702  0 @a汤柏生@Atang bai sheng@4译
801  0 @aCN@bTSSF@c20060912
905    @a10447@dK813.73@e468
    
    拉丁美洲的解放者/(美)鲍勃(Bob),(美)扬(J.Young)著/黄士康,汤柏生译.-北京:商务印书馆,1979
    188页;19cm
    书名原文:Libertadores of america latina
    
    ISBN :CNY0.50
    
●
相关链接 在E读中查询图书 在五车中查询图书 在当当中查询图书 在豆瓣中查询图书


正题名:拉丁美洲的解放者     索取号:K813.73/468         预约/预借

序号 登录号 条形码 馆藏地/架位号 状态 备注
1 0443866   204438661   密集书库/ [索取号:K813.73/468] 在馆    
2 0475023   204750233   密集书库/ [索取号:K813.73/468] 在馆    
唐山师范学院图书馆 欢迎您!
大连网信软件有限公司© 版权所有